La sociedad de la información y el Estado del bienestar : el modelo finlandés /

Gorde:
Xehetasun bibliografikoak
Egile nagusia: Castells, Manuel (autor)
Beste egile batzuk: Himanen, Pekka (autor) (autor)
Formatua: Liburua
Hizkuntza:gaztelania
Argitaratua: Madrid, España : Alianza, 2002, c2002
Saila:(La Sociedad Red)
Gaiak:
Etiketak: Etiketa erantsi
Etiketarik gabe, Izan zaitez lehena erregistro honi etiketa jartzen!

MARC

LEADER 00000nam^a2200000^a^4500
001 000154806
005 20250521000000.0
009 20260310100408.259
020 |a 84-206-9103-8 
037 |a Acervo ITESO - Biblioteca 
041 |a ESP 
082 |a 302. 237094897034  |b CAS 
100 |a Castells, Manuel  |e (autor) 
245 1 3 |a La sociedad de la información y el Estado del bienestar :  |b el modelo finlandés /  |c M. Castells, P. Himanen ; tr. por Jesús Alborés. 
264 4 |a Madrid, España :  |b Alianza,  |c 2002, c2002 
300 |a 215 p. 
336 |a texto  |b txt  |2 rdacontenido 
337 |a sin mediación  |b n  |2 rdamedio 
338 |a volumen  |b nc  |2 rdasoporte 
440 4 |a (La Sociedad Red) 
500 |a Traducción de: The Information Society and the Welfare State. The Finnish Model 
649 |a XX 
650 |a Sociedad Postindustrial -  |z Finlandia 
650 |a Internet - Finlandia -  |x Aspectos Sociales y Culturales 
650 |a Globalización -  |x Aspectos Sociales y Culturales 
650 |a Cambios Sociales y Culturales -  |z Finlandia 
650 |a Tecnología y Sociedad -  |z Finlandia 
650 |a Tecnologías de Comunicación e Información -  |z Finlandia 
650 |a Identidad Cultural -  |z Finlandia 
650 |a Identidad Nacional -  |z Finlandia 
650 |a Modernidad y Posmodernidad -  |z Finlandia 
650 |a Estado de Bienestar -  |z Finlandia 
650 |a Sociología de la Comunicación 
650 |a Economía -  |z Finlandia 
650 |a Política -  |z Finlandia 
650 |a Comunicación y Política -  |z Finlandia 
650 |a Comunicación Masiva -  |z Finlandia 
650 |a Finlandia -  |x Condiciones Económicas 
650 |a Finlandia -  |x Condiciones Políticas 
650 |a Finlandia -  |x Condiciones Sociales y Culturales 
700 |a Himanen, Pekka  |e (autor) 
910 |a Fondo General 
920 |a Impresos - Libros 
930 |a Colección General 
905 |a 101 
901 |a 0500086215  |b IT1  |c ACC  |u 20250521 
902 |a https://opac.biblio.iteso.mx/vufind/Record/000154806